Vampires Will Never Hurt You by MCR - Statistics

General Stats
  • This quiz has been taken 8 times
    7 since last reset
  • The average score is 290 of 430
Answer Stats
Answer % Correct
a
100%
And
100%
and
100%
i
100%
I
100%
if
100%
in
100%
it
100%
like
100%
me
100%
my
100%
of
100%
the
100%
to
100%
where
100%
will
100%
you
100%
your
100%
bones
80%
can
80%
church
80%
come
80%
doctor
80%
down
80%
get
80%
goes
80%
ground
80%
heart
80%
into
80%
keep
80%
must
80%
never
80%
off
80%
our
80%
out
80%
put
80%
right
80%
secret
80%
skin
80%
someone
80%
soul
80%
spike
80%
sun
80%
take
80%
tear
80%
then
80%
there
80%
there"
80%
they
80%
this
80%
what
80%
as
60%
comes
60%
fill
60%
gaping
60%
hole
60%
hurt
60%
night
60%
please
60%
pump
60%
razor
60%
save
60%
saw
60%
sharp
60%
sky
60%
teeth
60%
time
60%
up
60%
venom
60%
white
60%
with
60%
black
40%
burned
40%
corpses
40%
endless
40%
for
40%
forget
40%
hanging
40%
hearts
40%
ill
40%
is
40%
let
40%
necks
40%
nurse
40%
rip
40%
roses
40%
she
40%
them
40%
thoughts
40%
throat
40%
tonight
40%
"We'll
40%
we're
40%
always
20%
away
20%
back
20%
before
20%
buy
20%
call
20%
can't
20%
cheap
20%
days
20%
feeling
20%
from
20%
hearse
20%
holy
20%
jet
20%
not
20%
now
20%
over
20%
prime
20%
promise
20%
said
20%
sets
20%
shoot
20%
stage
20%
stake
20%
struck
20%
these
20%
us
20%
wash
20%
watch
20%
water
20%
whiskey
20%
bring
0%
coasters
0%
driving
0%
ever
0%
fatality
0%
floor
0%
ghosts
0%
got
0%
innocent
0%
light
0%
nightclub
0%
pairs
0%
rollar
0%
snow
0%
they're
0%
No matching quizzes found
Score Distribution
Percent of People with Each Score
Percentile by Number Answered
Your Score History
You have not taken this quiz since the last reset